Management (Record no. 283)

MARC details
000 -LEADER
fixed length control field 00413nam a22001697a 4500
005 - DATE AND TIME OF LATEST TRANSACTION
control field 20180618114406.0
008 - FIXED-LENGTH DATA ELEMENTS--GENERAL INFORMATION
fixed length control field 160429b xxu||||| |||| 00| 0 eng d
020 ## - INTERNATIONAL STANDARD BOOK NUMBER
ISBN 978-81-3170704-3
041 ## - LANGUAGE CODE
Language code of text/sound track or separate title eng
082 ## - DEWEY DECIMAL CLASSIFICATION NUMBER
Item number 00859
Classification number 658
100 ## - MAIN ENTRY--AUTHOR NAME
Personal name Stoner AF James and others
245 ## - TITLE STATEMENT
Title Management
260 ## - PUBLICATION, DISTRIBUTION, ETC. (IMPRINT)
Place of publication New Delhi
Name of publisher Pearson Education,
Year of publication 1995
300 ## - PHYSICAL DESCRIPTION
Number of Pages 656
650 ## - SUBJECT ADDED ENTRY--TOPICAL TERM
Topical Term Management
942 ## - ADDED ENTRY ELEMENTS (KOHA)
Koha item type Books
Holdings
Lost status Damaged status Collection code Home library Current library Shelving location Date acquired Full call number Accession Number Koha item type
    MANAGEMENT JRU Library JRU Library SHELF-38-A 29/04/2016 658 00859 Books
      JRU Library JRU Library SHELF-38-A 29/04/2016 658 00860 Books
      JRU Library   SHELF-70 D 29/04/2016 658 00861 Books
      JRU Library JRU Library SHELF-38-A 29/04/2016 658 00862 Books
      JRU Library   SHELF-16-D 29/04/2016 658 00863 Books
      JRU Library   SHELF-16-D 29/04/2016 658 00864 Books